[Event "AUTO-INT-1524"]
[Site "http://www.queenalice.com/game.php?id=686884"]
[Date "2009.11.21"]
[Round "1"]
[White "tiaozinho"]
[Black "Antunesbruno"]
[Result "1-0"]
[WhiteElo "1734"]
[BlackElo "1512"]

1. d4 Nf6 2. Nf3 g6 3. Bf4 Bg7 4. e3 d6 5. h3 O-O 6. Be2 Nbd7 7. O-O Ne4 8. Nbd2
Ndf6 9. c3 Nxd2 10. Qxd2 Ne4 11. Qc1 f5 12. d5 e5 13. dxe6 Bxe6 14. Rd1 d5 15.
Qc2 c6 16. Bd3 Qb6 17. Rab1 Bf6 18. Nd4 Bd7 19. Bxe4 fxe4 20. Bd6 Rf7 21. b4 Be7
22. Bxe7 Rxe7 23. a4 Rf8 24. c4 Ref7 25. Rf1 Qd8 26. cxd5 cxd5 27. Qb3 1-0

[Event "AUTO-INT-1524"]
[Site "http://www.queenalice.com/game.php?id=686885"]
[Date "2009.11.21"]
[Round "1"]
[White "Antunesbruno"]
[Black "tiaozinho"]
[Result "0-1"]
[WhiteElo "1512"]
[BlackElo "1745"]

1. d4 d5 2. Nf3 e6 3. e3 Nf6 4. c4 c6 5. Nc3 Be7 6. Bd2 Qb6 7. Qb3 Nbd7 8. Qxb6
Nxb6 9. cxd5 cxd5 10. Rc1 O-O 11. Bd3 a6 12. O-O Bd7 13. Ne5 Rfc8 14. Nxd7 Nbxd7
15. Rc2 b5 16. Rfc1 Nb6 17. Ne2 Rxc2 18. Rxc2 Rc8 19. Rxc8+ Nxc8 20. b4 Na7 21.
a3 Nc6 22. Nc3 e5 23. dxe5 Nxe5 24. Be2 Nc4 25. Bc1 Bd6 26. Bf3 Nb6 27. Bb2 Be5
0-1

[Event "AUTO-ADV-1552"]
[Site "http://www.queenalice.com/game.php?id=688664"]
[Date "2009.11.25"]
[Round "1"]
[White "filatelista"]
[Black "tiaozinho"]
[Result "1-0"]
[WhiteElo "1876"]
[BlackElo "1828"]

1. d4 d5 2. c4 e6 3. cxd5 exd5 4. h3 Nf6 5. Nf3 Be7 6. e3 O-O 7. Nc3 c6 8. Bd3
Nbd7 9. O-O h6 10. a3 Re8 11. Bd2 c5 12. dxc5 Nxc5 13. Bc2 Be6 14. Ne2 Rc8 15.
Ned4 Qc7 16. Nxe6 Nxe6 17. Rc1 Qb6 18. Bc3 Ne4 19. Bxe4 dxe4 20. Nd2 f5 21. Qh5
Ng5 22. Qe2 Bf6 23. Bxf6 Qxf6 24. Qb5 b6 25. Rxc8 Rxc8 26. Qb3+ Kh7 27. Rd1 f4
28. h4 Ne6 29. Nxe4 Qe7 30. Nd6 Rd8 31. Qd3+ Kg8 32. Qd5 fxe3 33. fxe3 g6 34. b4
Kg7 35. h5 Ng5 36. Qd4+ Kg8 37. Nf5 Rxd4 38. Nxe7+ Kf7 39. exd4 Kxe7 40. hxg6
Kf6 41. d5 Kxg6 42. d6 Kf6 43. Re1 Ne6 44. Kf2 a5 45. d7 1-0

[Event "AUTO-ADV-1552"]
[Site "http://www.queenalice.com/game.php?id=688665"]
[Date "2009.11.25"]
[Round "1"]
[White "tiaozinho"]
[Black "filatelista"]
[Result "0-1"]
[WhiteElo "1827"]
[BlackElo "1829"]

1. d4 d5 2. Bf4 e6 3. e3 a6 4. Nf3 c5 5. c3 h6 6. Qa4+ Bd7 7. Qc2 Nf6 8. h3 Nc6
9. Nbd2 c4 10. e4 Be7 11. e5 Nh5 12. Bh2 f6 13. Be2 O-O 14. O-O fxe5 15. Nxe5
Be8 16. Nxc6 bxc6 17. b3 cxb3 18. axb3 Nf6 19. Nf3 c5 20. Bxa6 cxd4 21. Nxd4 Bd7
22. Rfe1 Qb6 23. Bd3 Rac8 24. Qd2 Bc5 25. Nxe6 Bxe6 26. Ra6 Ne4 27. Rxb6 Nxd2
28. Rexe6 Bxb6 29. Rxb6 Rxc3 30. Bd6 Ra8 31. Bg6 Rxb3 32. Rc6 Ra1+ 33. Kh2 Nf1+
34. Kg1 Ng3+ 35. Kh2 Rh1# 0-1

[Event "AUTO-ADV-1552"]
[Site "http://www.queenalice.com/game.php?id=688676"]
[Date "2009.11.25"]
[Round "1"]
[White "valdiluis"]
[Black "tiaozinho"]
[Result "0-1"]
[WhiteElo "1926"]
[BlackElo "1755"]

1. e4 d5 2. exd5 Qxd5 3. Nc3 Qd8 4. Bc4 e6 5. Nge2 Nf6 6. O-O Be7 7. d3 O-O 8.
Be3 c6 9. Qc1 Nbd7 10. h4 Nd5 11. h5 Bf6 12. g4 Nxe3 13. fxe3 Ne5 14. Rf4 Bg5
15. Ne4 Bxf4 16. Nxf4 Nxg4 17. Qe1 Qb6 18. Ng2 Qc7 19. Qg3 Qxg3 20. Nxg3 Bd7 21.
Rf1 a5 22. Rf4 f5 23. a3 b5 24. Ba2 b4 25. Rxf5 Rxf5 26. Nxf5 Kh8 27. Nd4 e5 28.
Ne6 Rb8 29. Nh4 bxa3 30. bxa3 Rb2 31. Bb3 Rxb3 32. cxb3 Bxe6 33. Nf3 Bxb3 34. d4
Nxe3 35. Nxe5 Bd5 36. Kf2 Nc4 37. Nxc4 Bxc4 38. Ke3 g6 39. hxg6 hxg6 40. Kf4 Kg7
41. Ke5 Bd5 42. Kf4 Kf6 43. a4 Bb3 0-1

[Event "AUTO-ADV-1552"]
[Site "http://www.queenalice.com/game.php?id=688677"]
[Date "2009.11.25"]
[Round "1"]
[White "tiaozinho"]
[Black "valdiluis"]
[Result "1-0"]
[WhiteElo "1799"]
[BlackElo "1964"]

1. d4 b5 2. Bf4 d6 3. e3 Bb7 4. Nf3 Nd7 5. Be2 Ngf6 6. h3 g6 7. Bxb5 Bg7 8. O-O
a6 9. Be2 O-O 10. c4 e5 11. dxe5 dxe5 12. Nxe5 Nxe5 13. Bxe5 Qe7 14. Bg3 Ne4 15.
Qb3 Nc5 16. Qa3 Rfe8 17. Nc3 Bf8 18. Qa5 Ne4 19. Nxe4 Bxe4 20. Qxc7 Qxc7 21.
Bxc7 Bg7 22. c5 Bxb2 23. Rad1 Bg7 24. Bc4 Re7 25. Bb6 h5 26. Rd8+ Rxd8 27. Bxd8
Rd7 28. Bb6 Rd2 29. Bb3 Be5 30. Rd1 Rb2 31. Rc1 Rb1 32. Rxb1 Bxb1 33. c6 Bf5 34.
c7 Kf8 35. Bd5 Ke7 36. Bb7 Bxc7 37. Bxc7 Bd3 38. Bd5 f5 39. f3 Kd7 40. Bg3 g5
41. e4 fxe4 42. Bxe4 Bc4 43. a3 h4 44. Be5 Ke6 45. Bc3 Bb5 46. Kf2 Kf7 47. g3
hxg3+ 48. Kxg3 Ke6 49. Kg4 Bf1 50. Bf5+ Kd5 51. Kxg5 Kc4 52. Bb4 1-0

[Event "Challenge"]
[Site "http://www.queenalice.com/game.php?id=722997"]
[Date "2010.1.30"]
[Round "-"]
[White "Andrei_78"]
[Black "tiaozinho"]
[Result "0-1"]
[WhiteElo "1621"]
[BlackElo "1786"]

1. e4 d5 2. Nc3 d4 3. Nce2 Nc6 4. a3 e5 5. d3 Be6 6. Nf3 Qd7 7. h3 h6 8. c4 dxc3
9. bxc3 O-O-O 10. Ng3 Nge7 11. Be2 f5 12. O-O fxe4 13. Nxe4 Nd5 14. Nc5 Bxc5 15.
d4 Nxc3 16. Qc2 Nxe2+ 17. Qxe2 Nxd4 18. Qxe5 Nxf3+ 19. gxf3 Bd4 20. Qa5 Bxh3 21.
Qxa7 Bxa7 22. Re1 Qf5 23. Be3 Qg6+ 24. Kh2 Qg2# 0-1

[Event "AUTO-OPEN-1769"]
[Site "http://www.queenalice.com/game.php?id=745321"]
[Date "2010.3.12"]
[Round "2"]
[White "Svolo"]
[Black "tiaozinho"]
[Result "0-1"]
[WhiteElo "1851"]
[BlackElo "1813"]

1. e4 d5 2. e5 Bf5 3. g4 Bg6 4. h4 h6 5. d4 e6 6. Bb5+ c6 7. Bd3 Bxd3 8. Qxd3
Be7 9. Nf3 Nd7 10. Bd2 Qb6 11. b3 O-O-O 12. Nc3 Bb4 13. Na4 Bxd2+ 14. Nxd2 Qc7
15. Nc5 Nxc5 16. Qf3 Na6 17. c3 f6 18. exf6 Nxf6 19. O-O-O e5 20. Qf5+ Qd7 21.
dxe5 Qxf5 22. gxf5 Ng4 23. f4 Nf2 24. Rhg1 Nxd1 25. Rxd1 Rhf8 26. e6 Rxf5 27. b4
Rxf4 28. Re1 Re8 29. Nb3 Nc7 30. e7 Rf7 31. Nc5 Rfxe7 32. Rxe7 Rxe7 33. Kd2 Re4
34. Nxe4 dxe4 35. c4 g5 36. hxg5 hxg5 37. Ke3 Kd7 38. Kxe4 Ke6 39. a3 g4 40. Kf4
g3 41. Kxg3 Ke5 42. Kf3 Kd4 43. c5 Kc4 44. Ke4 Kb3 45. Kd4 Kxa3 46. Kc4 Nb5 47.
Kd3 Kxb4 48. Kc2 Kxc5 49. Kb3 a5 50. Ka4 b6 51. Kb3 Nd4+ 52. Ka4 b5+ 53. Ka3 Kc4
54. Kb2 b4 55. Ka2 Kc3 56. Kb1 a4 57. Ka2 c5 58. Ka1 c4 59. Ka2 Kc2 60. Ka1 Kd2
61. Ka2 b3+ 62. Kb2 c3+ 63. Ka1 c2 0-1

[Event "AUTO-OPEN-1769"]
[Site "http://www.queenalice.com/game.php?id=745322"]
[Date "2010.3.12"]
[Round "2"]
[White "tiaozinho"]
[Black "Svolo"]
[Result "1-0"]
[WhiteElo "1808"]
[BlackElo "1847"]

1. d4 d5 2. Bf4 Nc6 3. Nf3 e6 4. e3 a6 5. Be2 h6 6. Nbd2 Bd6 7. Bxd6 Qxd6 8. c4
Nf6 9. Qc2 Nb4 10. Qb1 dxc4 11. Nxc4 Qd5 12. a3 Nc6 13. Ncd2 b5 14. b4 O-O 15.
O-O Bd7 16. e4 Qh5 17. Qc2 Ra7 18. Nb3 Ne7 19. Nc5 Bc8 20. Ne5 Qg5 21. f4 Qh4
22. g3 Qh3 23. Bf3 Nh7 24. Bg4 Qxf1+ 25. Kxf1 f5 26. exf5 Nd5 27. Re1 exf5 28.
Bf3 Nb6 29. Ng6 Rd8 30. Qb3+ Nc4 31. Ne7+ Kh8 32. Qc3 Nf6 33. Nxc8 Rxc8 34. Qd3
Nd6 35. Re7 Re8 36. Rxe8+ Nfxe8 37. Qe3 Nf6 38. Qe7 Nc4 39. Ne6 Nd2+ 40. Ke2
Nxf3 41. Qxg7# 1-0

[Event "AUTO-ADV-1552"]
[Site "http://www.queenalice.com/game.php?id=767850"]
[Date "2010.4.28"]
[Round "2"]
[White "valdiluis"]
[Black "tiaozinho"]
[Result "0-1"]
[WhiteElo "2000"]
[BlackElo "1873"]

1. e4 d5 2. exd5 Qxd5 3. Nc3 Qd8 4. d4 Nf6 5. Nf3 e6 6. Bd3 Be7 7. O-O O-O 8.
Bg5 Nbd7 9. Qd2 c6 10. Rad1 Nb6 11. Rfe1 Nbd5 12. Nxd5 Nxd5 13. c4 Nf6 14. Bb1
a5 15. Qc2 g6 16. h4 Nh5 17. g4 Bxg5 18. Nxg5 Nf6 19. Nxh7 Kxh7 20. h5 Rg8 21.
Kg2 Nxg4 22. f3 Nh6 23. Rh1 Qg5+ 24. Kf2 c5 25. Rdg1 Qf6 26. hxg6+ fxg6 27. Qc1
Qxd4+ 28. Kf1 Kg7 29. Qxh6+ Kf7 30. Qh7+ Rg7 31. Bxg6+ Ke7 32. Qh4+ Qxh4 33.
Rxh4 Bd7 34. Rh7 Rxh7 35. Bxh7 Rf8 36. Rg7+ Kd6 37. Be4 Bc6 38. Ke2 Bxe4 39.
fxe4 Rb8 40. Ke3 b5 41. Ra7 bxc4 42. Rxa5 Rxb2 43. a4 Rb3+ 44. Kd2 Ra3 45. Ra8
Ke5 46. a5 Kxe4 47. a6 c3+ 48. Kc2 Kd4 49. a7 Kc4 50. Kb1 e5 51. Re8 Rxa7 52.
Rxe5 Rd7 53. Re2 Rd2 54. Re1 Kb3 55. Kc1 Ra2 56. Kd1 Ra1+ 57. Ke2 Rxe1+ 58. Kxe1
Kc2 0-1

[Event "AUTO-ADV-1552"]
[Site "http://www.queenalice.com/game.php?id=767851"]
[Date "2010.4.28"]
[Round "2"]
[White "tiaozinho"]
[Black "valdiluis"]
[Result "0-1"]
[WhiteElo "1868"]
[BlackElo "1973"]

1. d4 Nf6 2. Bf4 d6 3. Nf3 Bf5 4. e3 g6 5. Be2 Bg7 6. h3 O-O 7. O-O Qd7 8. h4 h5
9. Bd3 Bg4 10. Be2 Nc6 11. c3 Ne4 12. Nbd2 Nxd2 13. Qxd2 e5 14. dxe5 Bxf3 15.
Bxf3 Nxe5 16. Bxe5 Bxe5 17. Bxb7 Rab8 18. Bf3 f5 19. b3 f4 20. exf4 Rxf4 21. Qc2
Kg7 22. Rfe1 Rxh4 23. g3 Qh3 24. gxh4 Bh2+ 25. Kh1 Be5+ 26. Kg1 Qxf3 27. Re3
Qg4+ 28. Kf1 Qxh4 29. Rae1 Rf8 30. Qd3 Qxf2# 0-1

[Event "AUTO-OPEN-1769"]
[Site "http://www.queenalice.com/game.php?id=769660"]
[Date "2010.5.2"]
[Round "3"]
[White "lfcanales"]
[Black "tiaozinho"]
[Result "1-0"]
[WhiteElo "2062"]
[BlackElo "1852"]

1. e4 d5 2. exd5 Qxd5 3. Nc3 Qd8 4. d4 e6 5. a3 Nf6 6. Bg5 Be7 7. Nf3 h6 8. Bf4
c6 9. Bc4 Nbd7 10. O-O O-O 11. h3 Nb6 12. Bd3 Nbd5 13. Nxd5 Nxd5 14. Bg3 Bf6 15.
c4 Nb6 16. Ne5 Qe7 17. b4 a5 18. c5 Nd5 19. b5 Bd7 20. bxc6 bxc6 21. Rb1 Nc3 22.
Qc2 Nxb1 23. Rxb1 Bxe5 24. Bxe5 Rfc8 25. Rb7 Rd8 26. Qb2 Qe8 27. Bd6 f6 28. Qe2
f5 29. Qe5 Qg6 30. Bc4 Bc8 31. Re7 Re8 32. Rc7 Rb8 33. Rxc6 Rb1+ 34. Kh2 Bb7 35.
d5 Bxc6 36. dxc6 Qf6 37. Qxf6 gxf6 38. c7 Kf7 39. Ba6 Rc1 40. Kg3 Rc3+ 41. Kf4
Rxa3 42. c8=Q Rxc8 43. Bxc8 Rc3 44. Bb7 a4 45. c6 a3 46. Bxa3 Rxa3 47. c7 Ra4+
48. Kg3 1-0

[Event "AUTO-OPEN-1769"]
[Site "http://www.queenalice.com/game.php?id=769661"]
[Date "2010.5.2"]
[Round "3"]
[White "tiaozinho"]
[Black "lfcanales"]
[Result "0-1"]
[WhiteElo "1860"]
[BlackElo "2054"]

1. d4 d5 2. Nf3 Nf6 3. Bf4 Bf5 4. h3 Nc6 5. e3 a6 6. Bd3 g6 7. Bxf5 gxf5 8. a3
e6 9. Nc3 Nh5 10. Bh2 Bd6 11. Ne5 Bxe5 12. Bxe5 Nxe5 13. Qxh5 Ng6 14. g4 fxg4
15. hxg4 Qd6 16. O-O-O O-O-O 17. Kb1 f6 18. e4 Nf4 19. Qh2 c6 20. f3 h5 21. Qg3
Rdg8 22. Rde1 Kd7 23. e5 fxe5 24. dxe5 Qf8 25. Qf2 hxg4 26. Rxh8 Rxh8 27. fxg4
Qh6 28. Na4 Qh4 29. Qe3 Ng2 30. Qb6 Qxe1+ 31. Ka2 Kc8 32. Nc5 Rh7 33. Nxe6 Qh4
34. Qa7 Qe7 35. Qa8+ Kd7 36. Nf8+ Kc7 37. Nxh7 Qxh7 38. Qf8 Qxc2 39. Qd6+ Kb6
40. e6 Qc4+ 41. Kb1 Qe4+ 42. Ka2 Ne3 43. e7 Qc4+ 44. Kb1 Qc2+ 45. Ka2 Qxb2+ 0-1

[Event "AUTO-ADV-1552"]
[Site "http://www.queenalice.com/game.php?id=847853"]
[Date "2010.10.19"]
[Round "3"]
[White "valdiluis"]
[Black "tiaozinho"]
[Result "1-0"]
[WhiteElo "1994"]
[BlackElo "1883"]

1. f4 d5 2. Nf3 Nc6 3. d3 f5 4. Nbd2 Nf6 5. e3 e6 6. Be2 Bd7 7. O-O Qe7 8. Ne5
O-O-O 9. b3 Nxe5 10. fxe5 Ne8 11. d4 g5 12. a4 Qg7 13. c4 Bc6 14. c5 h6 15. b4
b6 16. b5 Bb7 17. c6 Ba8 18. a5 Kb8 19. axb6 cxb6 20. Qa4 Qc7 21. Ba3 Bxa3 22.
Rxa3 Rh7 23. Rfa1 Re7 24. Nb3 f4 25. Qb4 a5 26. bxa6 Bxc6 27. a7+ Ka8 28. Rc1
Qc8 29. Qxe7 1-0

[Event "AUTO-ADV-1552"]
[Site "http://www.queenalice.com/game.php?id=847854"]
[Date "2010.10.19"]
[Round "3"]
[White "tiaozinho"]
[Black "valdiluis"]
[Result "0-1"]
[WhiteElo "1894"]
[BlackElo "2019"]

1. d4 Nf6 2. h3 d5 3. Bf4 Nc6 4. Nf3 e6 5. e3 Ne4 6. Nbd2 f5 7. c3 Bd6 8. Bxd6
Nxd6 9. c4 O-O 10. Be2 f4 11. cxd5 exd5 12. O-O fxe3 13. fxe3 Ne4 14. Nxe4 dxe4
15. Nd2 Rxf1+ 16. Qxf1 Nxd4 17. Nxe4 Nxe2+ 18. Qxe2 Bf5 19. Ng3 Bg6 20. Rf1 Bd3
21. Qg4 Bxf1 22. Kxf1 Qd3+ 23. Kg1 Rd8 24. Qe6+ Kh8 25. e4 Qxg3 0-1

[Event "AUTO-ADV-1552"]
[Site "http://www.queenalice.com/game.php?id=847857"]
[Date "2010.10.19"]
[Round "3"]
[White "tiaozinho"]
[Black "filatelista"]
[Result "1-0"]
[WhiteElo "1871"]
[BlackElo "2113"]

1. d4 d5 2. Bf4 e6 3. Nf3 c5 4. e3 cxd4 5. exd4 a6 6. Be2 Nc6 7. O-O Nf6 8. h3
Be7 9. Nbd2 O-O 10. c4 dxc4 11. Nxc4 h6 12. a3 b5 13. Nce5 Bb7 14. Rc1 Rc8 15.
Nxc6 Rxc6 16. Rxc6 Bxc6 17. Qd3 Bd5 18. Ne5 Qb6 19. Qd2 Rd8 20. Be3 1-0

[Event "AUTO-ADV-1552"]
[Site "http://www.queenalice.com/game.php?id=847858"]
[Date "2010.10.19"]
[Round "3"]
[White "filatelista"]
[Black "tiaozinho"]
[Result "1-0"]
[WhiteElo "2099"]
[BlackElo "1897"]

1. d4 d5 2. c4 e6 3. cxd5 exd5 4. a3 Nf6 5. Nc3 Be7 6. h3 O-O 7. Nf3 Bf5 8. e3
Nbd7 9. Bd3 Bxd3 10. Qxd3 c5 11. O-O a6 12. Qf5 Nb6 13. dxc5 Bxc5 14. b4 Be7 15.
Ne2 Qd7 16. Ned4 Nc4 17. Qxd7 Nxd7 18. Nf5 Bf6 19. Ra2 Ndb6 20. Rd1 Rfd8 21. Rc2
Na4 22. N5d4 h6 23. Nh2 1-0